书目信息 |
| 题名: |
玩转媒介
|
|
| 作者: | 王浩宇 , 刘勇 著 | |
| 分册: | ||
| 出版信息: | 长春 吉林文史出版社 2018.12 |
|
| 页数: | 180页 | |
| 开本: | 24cm | |
| 丛书名: | 教育研究论丛 | |
| 单 册: | ||
| 中图分类: | G206.2-49 | |
| 科图分类: | ||
| 主题词: | 传播媒介--素质教育--青少年读物 | |
| 电子资源: | ||
| ISBN: | 978-7-5472-5658-9 | |
| 000 | 01146oam2 2200277 45 | |
| 001 | 012001003148 | |
| 005 | 20131012111538.0 | |
| 010 | @a978-7-5472-5658-9@dCNY42.00 | |
| 100 | @a20190406d2019 demy0chiy50 ea | |
| 101 | 0 | @achi |
| 102 | @aCN@b220000 | |
| 105 | @ay z 000yy | |
| 106 | @ar | |
| 200 | 1 | @a玩转媒介@Awan zhuan mei jie@e青少年媒介素养教育@f王浩宇,刘勇著 |
| 210 | @a长春@c吉林文史出版社@d2018.12 | |
| 215 | @a180页@d24cm | |
| 225 | 1 | @a教育研究论丛 |
| 330 | @a本书以青少年在日常生活中能够接触到的各类媒介为基础,以能够提升青少年对各类媒介认识和使用水平为目标,通过对各类媒介的发展历史、特征及功能等方面进行讲解,让青少年在对各类媒介基本概念、术语等知识了解的基础上,提升青少年玩转媒介的能力,锻炼其对媒介信息内容的辨别能力。从认识、能力、参与等方面使青少年的媒介素养得到进一步提升。 | |
| 410 | 0 | @12001 @a教育研究论丛 |
| 517 | 1 | @a青少年媒介素养教育@Aqing shao nian mei jie su yang jiao yu |
| 606 | 0 | @a传播媒介@x素质教育@j青少年读物 |
| 690 | @aG206.2-49@v5 | |
| 701 | 0 | @a王浩宇@Awang hao yu@c(心理学)@4著 |
| 701 | 0 | @a刘勇@Aliu yong@4著 |
| 801 | @b江苏凤凰@c20191020 | |
| 905 | @b1232084-9@dG206.2-49@e773@f6 | |
| 玩转媒介:青少年媒介素养教育/王浩宇,刘勇著.-长春:吉林文史出版社,2018.12 |
| 180页;24cm.-(教育研究论丛) |
| ISBN 978-7-5472-5658-9:CNY42.00 |
| 本书以青少年在日常生活中能够接触到的各类媒介为基础,以能够提升青少年对各类媒介认识和使用水平为目标,通过对各类媒介的发展历史、特征及功能等方面进行讲解,让青少年在对各类媒介基本概念、术语等知识了解的基础上,提升青少年玩转媒介的能力,锻炼其对媒介信息内容的辨别能力。从认识、能力、参与等方面使青少年的媒介素养得到进一步提升。 |
| ● |
| 相关链接 |
|
|
|
|
正题名:玩转媒介
索取号:G206.2-49/773
 
预约/预借
| 序号 | 登录号 | 条形码 | 馆藏地/架位号 | 状态 | 备注 |
| 1 | 1232084 | 212320843 | 第一样本阅览室/ [索取号:G206.2-49/773] | 在馆 | |
| 2 | 1232085 | 212320852 | 教育系资料室/ [索取号:G206.2-49/773] | 在馆 | |
| 3 | 1232086 | 212320861 | 教育系资料室/ [索取号:G206.2-49/773] | 在馆 | |
| 4 | 1232087 | 212320870 | 教育系资料室/ [索取号:G206.2-49/773] | 在馆 | |
| 5 | 1232088 | 212320889 | 第四借阅区/ [索取号:G206.2-49/773] | 在馆 | |
| 6 | 1232089 | 212320898 | 第四借阅区/ [索取号:G206.2-49/773] | 在馆 |